| 000 | 00515nam a22001697a 4500 | ||
|---|---|---|---|
| 005 | 20231108084749.0 | ||
| 008 | 231108b |||||||| |||| 00| 0 eng d | ||
| 020 | _a0702112550 | ||
| 041 | _aEnglish | ||
| 082 | _a346.4 JAC | ||
| 100 |
_aJacobs, M _lEnglish |
||
| 245 |
_aThe Law of Expropriation in South Africa / _cM Jacobs |
||
| 260 |
_aCape Town : _bJuta and Company Ltd, _c1982 |
||
| 300 |
_bxxxiv, 700 pages ; _c26 cm. |
||
| 650 |
_aLegal practice _bLaw |
||
| 942 |
_cBK _6ALISON_BN_VRIES |
||
| 999 |
_c405 _d405 |
||